| 000 | 01766nam2a2200313 4500 | ||
|---|---|---|---|
| 001 | RU\NLR\bibl\2062904 | ||
| 005 | 20260405195650.0 | ||
| 010 |
_a978-5-4224-0651-7 _bТ. 1 |
||
| 010 | _a978-5-4224-0650-0 | ||
| 021 |
_aRU _b2013-55139 _93817 |
||
| 035 | _a(NLR Aleph) 002049562 | ||
| 090 |
_a4634877 _c4634877 |
||
| 100 | _a20130814d2013 |||y0rusy50 ca | ||
| 101 | 0 | _arus | |
| 102 | _aRU | ||
| 105 | _aa ||||||||| | ||
| 200 | 1 |
_a40 лет среди убийц и грабителей _eрассказы _fИ.Д. Путилин _g[ил. худож. И.С. Щедровского] |
|
| 215 |
_a397, [2] с. _cил. |
||
| 327 | 1 | _aСодерж.: Иван Дмитриевич Путилин: из записок и воспоминаний судебного деятеля/ Кони А.Ф. 40 лет среди грабителей и убийц/ Путилин И.Д. Прил.: Очерки некоторых видов воровства в Петербурге; Условный язык петербургских мошенников, известный под именем "музыки", или "байкового" языка | |
| 461 | 0 |
_1001RU\NLR\bibl\2066551 _12001#$aРоссийский сыщик Иван Дмитриевич Путилин$vТ. 1 _94650632 _cМосква _d2013 _nТерра _o[в 2 т.] _tРоссийский сыщик Иван Дмитриевич Путилин _vТ. 1 |
|
| 686 | 2 | _aШ6(2=Р)58 | |
| 702 | 1 |
_4040 _8rus _7ca _aЩедровский _bИ. С. _cхудожник _f1815-1870 _gИгнатий Степанович _3RU\NLR\auth\7787330 _970258 |
|
| 801 | 0 |
_aRU _bNLR _c20130814 _gRCR |
|
| 801 | 1 |
_aRU _bNLR _c20130814 |
|
| 942 | _cBOOK | ||
| 980 | _aNB | ||